K problému povzbudenia a trestu

Podrobná bibliografia
Hlavný autor: Spišiaková, Jana (Autor)
Médium: Článok
Jazyk:slovenčina
Predmet:

MARC

LEADER 00000nab a2200000 a 4500
001 vtls000264955
003 SK-MaSNL
005 20260304064951.0
008 250422c19851986xo 0 slo
015 |a SNBRB19rr/mm-uuuuu 
035 |a CL0275069 
035 |a urn:nbn:sk:snk-abbgaz 
035 |a (urnnbn)urn:nbn:sk:snk:ar-002qok 
035 |a (uuid)cdcd3236-f196-471b-9c29-6aa4d02f9d3b 
040 |a SNKBUCL  |b slo  |c SNKBUCL  |e AACR2 
041 0 |a slo 
044 |a xo  |c SK 
080 |a 37.015.3  |2 1981 
100 1 |a Spišiaková, Jana  |4 aut  |9 782916 
245 1 0 |a K problému povzbudenia a trestu  |c Jana Spišiaková 
650 0 7 |a deti  |2 snkbucl  |9 773 
650 0 7 |a povzbudenie (pedagogika)  |2 snkbucl  |9 57826 
650 0 7 |a tresty (pedagog.)  |2 snkbucl  |9 1353444 
655 7 |a články z novín a časopisov  |2 snkbucl  |9 267496 
773 0 |t Predškolská výchova  |g Roč. 40, č. 4 (1985/1986), s. 4-5 
850 |a Slovenská národná knižnica 
852 |a Slovenská národná knižnica 
954 |a odborná, vedecká literatúra pôvodná (slovenská)  |2 lita 
958 |a article15 
958 |a OND 
958 |a RK 
958 |a EUIPO 
992 |a RBX 
999 |c 2748739  |d 2750669